00501nam a22001937a 450000500170000001000130001702000220003003500130005203700160006504000120008108200160009310000180010924500480012726000340017527000420020930000280025165000140027965000140029320170124110048.0 aA-576131 c50.00a8171670962 aA-576131 bCen Lib/Ret aDPLbEN a793.73bSHA aSharma, Mukul aThe worst of mindsport /cby Mukul Sharma  aNew DelhibRupa & Co. c1992 a 7/16 Ansari Road bNew Delhie110002 a152p. ;c21cm(Hb)bill. aMindsport aMindsport